00354nam a2200145Ia 4500003000500000008004100005020001800046040001900064082000700083100002100090245003300111260004300144300000900187546001200196STCL181203s9999 xx 000 0 und d a9780070636774 aSTCLbENcSTCL 222 aSchildt, Herbert 0aJava: The Complete Reference bMcGraw Hill EducationaNew Delhic2014 a1024 aEnglish